Trăm lẻ một chuyện lí thú về toán dành cho học sinh cấp 3 (PTTH)

Sách gồm 101 chuyện lý thú về toán, mỗi chuyện trong sách giúp các bạn suy nghĩ, làm thử và giải đáp thử trước khi đọc tiếp.

Sparad:
Bibliografiska uppgifter
Huvudupphovsman: Lê, Thanh Hà
Materialtyp: Bok
Språk:Undetermined
Publicerad: Hà Nội Giáo Dục 2000
Ämnen:
Taggar: Lägg till en tagg
Inga taggar, Lägg till första taggen!
Thư viện lưu trữ: Trung tâm Học liệu Trường Đại học Cần Thơ
LEADER 00806nam a2200217Ia 4500
001 CTU_42654
008 210402s9999 xx 000 0 und d
020 |c 16000 
082 |a 372.72 
082 |b H100 
100 |a Lê, Thanh Hà 
245 0 |a Trăm lẻ một chuyện lí thú về toán dành cho học sinh cấp 3 (PTTH) 
245 0 |c Lê Thanh Hà 
260 |a Hà Nội 
260 |b Giáo Dục 
260 |c 2000 
520 |a Sách gồm 101 chuyện lý thú về toán, mỗi chuyện trong sách giúp các bạn suy nghĩ, làm thử và giải đáp thử trước khi đọc tiếp. 
650 |a Mathematics 
650 |x Study and teaching 
904 |i Minh, Hải 
980 |a Trung tâm Học liệu Trường Đại học Cần Thơ